| 000 | 01133nam0a22003011 4500 | ||
|---|---|---|---|
| 001 | rc\969935 | ||
| 005 | 20250622062154.0 | ||
| 035 | _a(NLR Aleph) 006138982 | ||
| 090 |
_a5641386 _c5641386 |
||
| 100 | _a20041129d1982 |||y0rusy50 ca | ||
| 101 | 0 | _arus | |
| 102 | _aRU | ||
| 105 | _aa ||||||||| | ||
| 200 | 1 |
_aКолючие дожди _eСтихи _fРаиса Горбачева _g[Худож. А. Цыганок] |
|
| 210 |
_aФрунзе _cКыргызстан _d1982 |
||
| 215 |
_a47 с. _cил. _d16 |
||
| 225 | 1 | _aКнижный дебют | |
| 300 | _aВлож. с 3-мя др. кн. в обертку с загл.: Мелодии любви. [1] | ||
| 327 | 0 | _aЦиклы: Сердца святая сила; Боль крыла | |
| 464 | 0 |
_12001#$aСердца святая сила _tСердца святая сила |
|
| 464 | 0 |
_12001#$aБоль крыла _tБоль крыла |
|
| 517 | 0 | _aМелодии любви | |
| 700 | 1 |
_aГорбачева _bР.В. _gРаиса Викторовна |
|
| 801 | 0 |
_aRU _bNLR _gpsbo |
|
| 801 | 1 |
_aRU _bELAR _2rusmarc |
|
| 852 |
_aNLR _j82-2/3300-1 |
||
| 942 | _cBOOK | ||
| 980 | _aNB | ||